Дело о назначении профессору Иессену в течение трех лет добавочного содержания в 500 рублей на воспитание детей. Тут же о назнач...

Доступно только в Электронных читальных залах Найти на картеНа карте
RUSMARC
00003895nmc2a22000003x 450
0010248d08e-fdd0-4c2f-8248-89c5690c6dfe
00520180711120849.0
100##$a20160418l18711871k l0rusy0189 ca
1010#$arus
102##$aRU
2001#$aДело о назначении профессору Иессену в течение трех лет добавочного содержания в 500 рублей на воспитание детей. Тут же о назначении такого же содержания директору Дерптского Ветеринарного училища, действительному статскому советнику Унтербергеру
$j24 марта 1871 г. - 10 июля 1871 г.
251##$cДело
300##$aДело
801#0$aRU
$bРГИА
$c20160418
$gRCR
801#1$aRU
$bГлавНИВЦ
$c20160418
$2rusmarc
801#2$aRU
$bПБ им. Б.Н. Ельцина
$c20180711
$gRCR
$2rusmarc
850##$aРГИА
852##$aРГИА
$eФедеральное казенное учреждение "Российский государственный исторический архив" (РГИА)
$j936
937##$hРГИА
$d12196233
$aASBIBLIO_SCAN
462#0$100175ee99a9-5750-4f16-9283-bc673fb37de8
$12001
$aДела разряда высших учебных заведений Департамента народного просвещения за 1838-1872 гг.
$1251
$cОпись
$1852
$j147
461#0$1001a74412a3-3cc5-4d21-8f0a-dfe2fbd9e72d
$12001
$aДепартамент народного просвещения Министерства народного просвещения (1803-1917)
$1251
$cФонд
$1852
$j733
215##$a24 л.
$d36,5х26 см
371##$aДокумент не является опубликованным и широко распространяемым
105##$ay###
1222#$ad
035##$a0248d08e-fdd0-4c2f-8248-89c5690c6dfe
856##$uhttp://readingroom.main.prlib.ru/item.aspx?id_node=n117109214&mode=full
Формат отображения